Countryside stewardship scheme (Record no. 67613)
[ view plain ]
| 000 -LEADER | |
|---|---|
| fixed length control field | 00762cam a2200205 4500 |
| 001 - CONTROL NUMBER | |
| control field | WB3726-28 |
| 008 - FIXED-LENGTH DATA ELEMENTS--GENERAL INFORMATION | |
| fixed length control field | 000000n2001 000 0 eng u |
| 035 ## - SYSTEM CONTROL NUMBER | |
| System control number | (Sirsi) u113502 |
| 245 ## - TITLE STATEMENT | |
| Title | Countryside stewardship scheme |
| 260 ## - PUBLICATION, DISTRIBUTION, ETC. | |
| Date of publication, distribution, etc. | 2001 |
| 490 ## - SERIES STATEMENT | |
| Series statement | DEFRA News Release |
| Volume/sequential designation | (34/01) 4 July 2001, (2) |
| 520 ## - SUMMARY, ETC. | |
| Summary, etc. | A new guide to the Countryside Stewardship scheme is launched. Guide describes how the scheme has developed and illustrates some of its successes. For further information visit the DEFRA web site at http://www.defra.gov.uk |
| 590 ## - LOCAL NOTE (RLIN) | |
| Local note | WB |
| 650 ## - SUBJECT ADDED ENTRY--TOPICAL TERM | |
| Topical term or geographic name entry element | COUNTRYSIDE STEWARDSHIP SCHEME |
| 650 ## - SUBJECT ADDED ENTRY--TOPICAL TERM | |
| Topical term or geographic name entry element | WILDLIFE TRUSTS |
| 650 ## - SUBJECT ADDED ENTRY--TOPICAL TERM | |
| Topical term or geographic name entry element | ENVIRONMENTAL BENEFITS |
| 650 ## - SUBJECT ADDED ENTRY--TOPICAL TERM | |
| Topical term or geographic name entry element | COUNTRYSIDE POLICY |
| 690 ## - LOCAL SUBJECT ADDED ENTRY--TOPICAL TERM (OCLC, RLIN) | |
| Topical term or geographic name as entry element | RURAL-NATURE CONSERVATION |
| 942 ## - ADDED ENTRY ELEMENTS (KOHA) | |
| Suppress in OPAC | 0 |
| Withdrawn status | Lost status | Source of classification or shelving scheme | Damaged status | Not for loan | Home library | Current library | Shelving location | Date acquired | Total Checkouts | Full call number | Barcode | Date last seen | Copy number | Price effective from | Koha item type |
|---|---|---|---|---|---|---|---|---|---|---|---|---|---|---|---|
| Dewey Decimal Classification | London | London | News article | 05/07/2001 | WB3726-28 | 113502-1001 | 06/08/2019 | 1 | 06/08/2019 | News article |